| 000 | 01347cam a2200397Ia 4500 | ||
|---|---|---|---|
| 001 | 8631794 | ||
| 003 | USPCAS-E | ||
| 005 | 20180118181417.0 | ||
| 006 | m u | ||
| 007 | cr cn||||||||| | ||
| 008 | 090602s2010 njua s 001 0 eng d | ||
| 010 | _z 2009022465 | ||
| 020 | _z9780471719755 (cloth) | ||
| 035 | _a(CaPaEBR)ebr10355237 | ||
| 035 | _a(NNC)8631794 | ||
| 040 |
_aCaPaEBR _cCaPaEBR |
||
| 050 | 1 | 4 |
_aTP359.H8 _bH8434 2010eb |
| 082 |
_222 _a665.81 _b HYD 2010 |
||
| 245 | 0 | 0 |
_aHydrogen and syngas production and purification technologies _h[electronic resource] / _cedited by Ke Liu, Chunshan Song, Velu Subramani. |
| 260 |
_aHoboken, NJ : _bWiley, _cc2010. |
||
| 300 |
_axvi, 533 p. : _bill. |
||
| 500 | _aIncludes index. | ||
| 502 | _a. | ||
| 533 |
_aElectronic reproduction. _bPalo Alto, Calif. : _cebrary, _d2010. _nAvailable via World Wide Web. _nAccess may be limited to ebrary affiliated libraries. |
||
| 650 | 0 | _aHydrogen as fuel. | |
| 650 | 0 | _aSynthesis gas. | |
| 650 | 0 | _aCoal gasification. | |
| 655 | 7 |
_aElectronic books. _2local |
|
| 700 | 1 |
_aLiu, Ke, _d1964- |
|
| 700 | 1 | _aSong, Chunshan. | |
| 700 | 1 |
_aSubramani, Velu, _d1965- |
|
| 710 | 2 | _aebrary, Inc. | |
| 856 | 4 | 0 |
_uhttp://www.columbia.edu/cgi-bin/cul/resolve?clio8631794 _zClick here for full text. |
| 942 |
_2ddc _cBK |
||
| 999 |
_c355910 _d355910 |
||